000 00616nam a2200229Ia 4500
003 BUBTL
008 151213s9999 xx 000 0 und d
020 _a135214696
082 _a428.007/ N92l/ 1991
100 _aNunan, David
_94736
245 _aLanguage Teaching Methodology : a textbook for teachers /
_cDavid Nunan
250 _a1st Edn
260 _aLondon
_bPrentic Hall
_cc1991
300 _a[xiv],264p. :
_b20 cm
500 _aIncludes Index
650 _aEnglish
650 _a
700 _aDavid Nunan
856 _k0
_l0
_yDownload
942 _2ddc
_cBK
999 _c2580
_d2580